<?xml version="1.0" encoding="UTF-8"?><?xml-stylesheet type="text/xsl" href="static/style.xsl"?><OAI-PMH xmlns="http://www.openarchives.org/OAI/2.0/" xmlns:xsi="http://www.w3.org/2001/XMLSchema-instance" xsi:schemaLocation="http://www.openarchives.org/OAI/2.0/ http://www.openarchives.org/OAI/2.0/OAI-PMH.xsd"><responseDate>2026-04-26T22:01:41Z</responseDate><request verb="GetRecord" identifier="oai:uvadoc.uva.es:10324/18151" metadataPrefix="marc">https://uvadoc.uva.es/oai/request</request><GetRecord><record><header><identifier>oai:uvadoc.uva.es:10324/18151</identifier><datestamp>2021-12-09T10:48:48Z</datestamp><setSpec>com_10324_38</setSpec><setSpec>col_10324_852</setSpec></header><metadata><record xmlns="http://www.loc.gov/MARC21/slim" xmlns:doc="http://www.lyncode.com/xoai" xmlns:xsi="http://www.w3.org/2001/XMLSchema-instance" xmlns:dcterms="http://purl.org/dc/terms/" xsi:schemaLocation="http://www.loc.gov/MARC21/slim http://www.loc.gov/standards/marcxml/schema/MARC21slim.xsd">
<leader>00925njm 22002777a 4500</leader>
<datafield tag="042" ind1=" " ind2=" ">
<subfield code="a">dc</subfield>
</datafield>
<datafield tag="720" ind1=" " ind2=" ">
<subfield code="a">Berzal Jiménez, Belén</subfield>
<subfield code="e">author</subfield>
</datafield>
<datafield tag="260" ind1=" " ind2=" ">
<subfield code="c">2016</subfield>
</datafield>
<datafield tag="520" ind1=" " ind2=" ">
<subfield code="a">Se puede afirmar que las relaciones laborales es una de las ramas más vivas del derecho español, habida cuenta de las numerosas confrontaciones que diariamente surgen entre trabajadores y empresarios, tales como, el registro de efectos personales, la videovigilancia y control de las comunicaciones entre otras; y que se han visto, agudizadas, por la crisis económica que atraviesa nuestro país. En este trabajo, trataré de ponderar el derecho a la intimidad del trabajador, derecho consolidado como derecho fundamental y plasmado en el artículo 18 de la Constitución Española, y, el derecho de poder de dirección del empresario; partiendo de que ambos derechos no son absolutos. Es conveniente adelantar que a causa de la desactualización de la normativa legal, corresponde a la jurisprudencia encauzar y solucionar estos conflictos; aunque bien es cierto, que existe gran disparidad de opiniones en relación con esta materia.</subfield>
</datafield>
<datafield tag="024" ind2=" " ind1="8">
<subfield code="a">http://uvadoc.uva.es/handle/10324/18151</subfield>
</datafield>
<datafield ind1=" " ind2=" " tag="653">
<subfield code="a">Trabajo - Conflictos</subfield>
</datafield>
<datafield ind1=" " ind2=" " tag="653">
<subfield code="a">Derecho a la vida privada - España</subfield>
</datafield>
<datafield tag="245" ind1="0" ind2="0">
<subfield code="a">Intimidad del trabajador y poder de dirección del empresario</subfield>
</datafield>
</record></metadata></record></GetRecord></OAI-PMH>